Statistics for 80+ Players in Fifa 21

Click here to take the quiz!

General Stats

  • This quiz has been taken 472 times
  • The average score is 168 of 477

Answer Stats

RatingTeamPlayer% Correct
93FC BarcelonaLionel Messi
100%
92Piemonte CalcioCristiano Ronaldo
99%
90PSGKylian Mbappe
97%
91PSGNeymar
97%
91Manchester CityKevin De Bruyne
95%
90LiverpoolMohamed Salah
93%
91Atletico MadridJan Oblak
92%
90LiverpoolSadio Mane
92%
90LiverpoolVirgil Van Dijk
92%
91Bayern MunichRobert Lewandowski
91%
90LiverpoolAlisson
90%
83Tottenham HotspurDele Alli
90%
89Manchester CitySergio Aguero
88%
88Tottenham HotspurHarry Kane
86%
89Real MadridKarim Benzema
86%
90FC BarcelonaMarc-Andre Ter Stegen
86%
89Real MadridSergio Ramos
85%
87Manchester CityBernardo Silva
84%
86Real SociedadDavid Silva
84%
87Real MadridLuka Modric
84%
85ChelseaThiago Silva
84%
87Tottenham HotspurHeung-Min Son
83%
87FC BarcelonaAntoine Griezmann
82%
80Getafe CFDamian Suarez
82%
87Atletico MadridLuis Suarez
82%
89Bayern MunichManuel Neuer
82%
88Real MadridToni Kroos
82%
88Manchester CityEderson
81%
88ChelseaN'Golo Kante
80%
89Real MadridThibaut Courtois
80%
88Piemonte CalcioPaulo Dybala
79%
88Manchester CityRaheem Sterling
79%
87LiverpoolRoberto Firmino
78%
89Real MadridCasemiro
77%
88Real MadridEden Hazard
77%
88Bayern MunichJoshua Kimmich
77%
85Inter MilanRomelu Lukaku
77%
83Borussia DortmundThorgan Hazard
76%
86Leicester CityJamie Vardy
75%
86LiverpoolJordan Henderson
75%
80Manchester UnitedDean Henderson
74%
87ArsenalPierre-Emerick Aubameyang
74%
87LiverpoolAndrew Robertson
73%
86Bayern MunichThomas Muller
73%
87LiverpoolTrent Alexander-Arnold
73%
86AtalantaAlejandro Gomez
72%
87Tottenham HotspurHugo Lloris
72%
83LiverpoolJoe Gomez
72%
85Borussia DortmundMarco Reus
72%
80Valencia CFMaxi Gomez
72%
85Manchester CityRodri
72%
87PSGAngel Di Maria
71%
87Manchester UnitedBruno Fernandes
71%
87LazioCiro Immobile
71%
85FC BarcelonaFrenkie De Jong
71%
86FC BarcelonaGerard Pique
71%
84Inter MilanLautaro Martinez
71%
80Sevilla FCLuuk De Jong
71%
86Borussia DortmundMats Hummels
71%
80Athletic BilbaoInigo Martinez
70%
87Borussia DortmundJadon Sancho
70%
81Bayern MunichJavi Martinez
70%
81Atlanta UnitedJosef Martinez
70%
88NapoliKalidou Koulibaly
70%
85ChelseaKai Havertz
69%
86PSGMarco Verratti
69%
85Manchester UnitedMarcus Rashford
69%
86Manchester UnitedDavid De Gea
68%
82Borussia DortmundEmre Can
68%
84Sevilla FCJesus Navas
68%
87PSGKeylor Navas
68%
86Manchester UnitedPaul Pogba
68%
86Real MadridRaphael Varane
68%
88Inter MilanSamir Handanovic
68%
85ChelseaTimo Werner
68%
87Manchester CityAymeric Laporte
67%
85Manchester CityKyle Walker
67%
81Manchester CityBenjamin Mendy
66%
85NapoliDries Mertens
66%
83Real MadridFerland Mendy
66%
87Piemonte CalcioGiorgio Chiellini
66%
85Bayern MunichLeroy Sane
66%
87FC BarcelonaSergio Busquets
66%
85LiverpoolThiago Alcantara
66%
85Piemonte CalcioLeonardo Bonucci
65%
86Borussia MonchengladbachYann Sommer
65%
87LiverpoolFabinho
64%
83Tottenham HotspurGareth Bale
64%
86FC BarcelonaJordi Alba
64%
85NapoliLorenzo Insigne
64%
85PSGMarquinhos
64%
85Manchester CityRiyad Mahrez
64%
86Real MadridDaniel Carvajal
63%
85Olympique LyonMemphis Depay
63%
81Manchester CityRuben Dias
63%
85AC MilanGianluigi Donnarumma
62%
82Manchester UnitedHarry Maguire
62%
83Manchester CityJoao Cancelo
62%
83Real MadridMarcelo
62%
85Bayern MunichSerge Gnabry
62%
85Piemonte CalcioMatthijs De Ligt
61%
83LiverpoolJoel Matip
60%
82CSKA MoscowMario Fernandes
60%
83ArsenalAlexandre Lacazette
59%
82EvertonJames Rodriguez
59%
85ArsenalBernd Leno
58%
84Bayern MunichDavid Alaba
58%
85LiverpoolGeorginio Wijnaldum
58%
85Atletico MadridKoke
58%
80Guangzhou R&FMousa Dembele
58%
81Atletico MadridMoussa Dembele
58%
83FC BarcelonaOusmane Dembele
58%
85LazioSergej Milinkovic-Savic
58%
85ChelseaHakim Ziyech
56%
84Bayern MunichLeon Goretzka
56%
82ArsenalNicolas Pepe
56%
81FC PortoPepe
56%
85Piemonte CalcioAlex Sandro
55%
85Villarreal CFDaniel Parejo
55%
85CagliariDiego Godin
55%
84Bayern MunichKingsley Coman
55%
83Manchester CityIlkay Gundogan
54%
84Atletico MadridJose Maria Gimenez
54%
85PSGMauro Icardi
54%
84Manchester CityFernandinho
53%
83Manchester CityGabriel Jesus
53%
83ChelseaJorginho
53%
84Atletico MadridSaul Niguez
53%
80Inter MilanAlexis Sanchez
52%
85FC BarcelonaClement Lenglet
52%
81Tottenham HotspurDavinson Sanchez
52%
81Bayern MunichAlphonso Davies
51%
80Tottenham HotspurBen Davies
51%
84Leicester CityKasper Schmeichel
51%
82Bayern MunichLucas Hernandez
51%
85Inter MilanMilan Skriniar
51%
81Atletico MadridStefan Savic
51%
85FC BarcelonaMiralem Pjanic
50%
85RB LeipzigPeter Gulacsi
50%
80AC MilanTheo Hernandez
50%
87Piemonte CalcioWojciech Szczesny
50%
84Manchester UnitedAnthony Martial
49%
84Bayern MunichNiklas Sule
49%
80Real MadridVinicius Junior
49%
81ChelseaAntonio Rudiger
48%
85Inter MilanChristian Eriksen
48%
82PSGDanilo Pereira
48%
80Manchester CityJohn Stones
48%
85Leicester CityRicardo Pereira
48%
81EvertonRicharlison
48%
83FC BarcelonaSamuel Umtiti
48%
84Inter MilanStefan De Vrij
48%
83Manchester UnitedAaron Wan-Bissaka
47%
83Inter MilanAchraf Hakimi
47%
80LiverpoolDiogo Jota
47%
83Inter MiamiGonzalo Higuain
47%
81Atletico MadridJoao Felix
47%
80ChelseaMason Mount
47%
84Borussia DortmundRoman Burki
47%
85Tottenham HotspurToby Alderweireld
47%
83AjaxDusan Tadic
46%
85LazioLuis Alberto
46%
84WolvesRaul Jimenez
46%
84ChelseaCesar Azpilicueta
45%
83SL BenficaJan Vertonghen
45%
82Bayern MunichJerome Boateng
45%
83FC BarcelonaPhilippe Coutinho
45%
81PSGPresnel Kimpembe
45%
84WolvesRui Patricio
45%
83AC MilanZlatan Ibrahimovic
45%
84AjaxAndre Onana
44%
83AtalantaDuvan Zapata
43%
81ChelseaChristian Pulisic
42%
81Manchester CityFerran Torres
42%
81Manchester UnitedFred
42%
84RC CeltaIago Aspas
42%
84Real MadridIsco
42%
82Sevilla FCIvan Rakitic
42%
81Leicetser CityJames Maddison
42%
83WolvesJoao Moutinho
42%
82ChelseaKepa Arrizabalaga
42%
81Manchester UnitedLuke Shaw
42%
83ChelseaMateo Kovacic
42%
81LiverpoolNaby Keita
42%
84Bayern MunichDouglas Costa
41%
84Leicester CityWilfred Ndidi
41%
84AS MonacoWissam Ben Yedder
41%
84Piemonte CalcioArthur
40%
83Manchester UnitedDonny Van De Beek
40%
83Real MadridFederico Valverde
40%
83Villarreal CFGerard Moreno
40%
84AtalantaJosip Ilicic
40%
83Tottenham HotspurLucas Moura
40%
83Real BetisNabil Fekir
40%
80Inter MilanNicolo Barella
40%
83Shanghai SIPGOscar
40%
83FC BarcelonaSergi Roberto
40%
84ArsenalThomas Partey
40%
84EvertonLucas Digne
39%
84Manchester UnitedAlex Telles
38%
81Vissel KobeAndres Iniesta
38%
81Bayern MunichBenjamin Pavard
38%
83Roma FCEdin Dzeko
38%
84Borussia DortmundErling Haland
38%
80ArsenalGranit Xhaka
38%
81EvertonJordan Pickford
38%
82Real MadridMarco Asensio
38%
82Atletico MadridMarcos Llorente
38%
82BurnleyNick Pope
38%
82WolvesRuben Neves
38%
80Aston VillaJack Grealish
37%
80LiverpoolJames Milner
37%
83Atletico MadridKieran Trippier
37%
83Crystal PalaceWilfried Zaha
37%
83EvertonAllan
36%
82Piemonte CalcioAlvaro Morata
36%
83Inter MiamiBlaise Matuidi
36%
80Real MadridEder Militao
36%
82Piemonte CalcioGianluigi Buffon
36%
84Borussia DortmundJulian Brandt
36%
84Inter MilanMarcelo Brozovic
36%
83Real MadridMartin Odegaard
36%
84Real SociedadMikel Oyarzabal
36%
82Leeds UnitedRodrigo
36%
83Inter MilanArturo Vidal
35%
84Atletico MadridFelipe
35%
81FiorentinaFranck Ribery
35%
84PSGIdrissa Gueye
35%
83Tottenham HotspurSteven Bergwijn
35%
84Borussia DortmundAxel Witsel
34%
82ArsenalMesut Ozil
34%
83WolvesNelson Semedo
34%
84Borussia DortmundRaphael Guerreiro
34%
81Leicester CityYouri Tielemans
34%
82Atletico MadridAngel Correa
33%
81ChelseaBen Chilwell
33%
81LazioJoaquin Correa
33%
83Guangzhou EvergrabdePaulinho
33%
82FulhamAlphonse Areola
32%
80Bayern MunichCorentin Tolisso
32%
81Athletic BilbaoInaki Williams
32%
81Piemonte CalcioJuan Cuadrado
32%
81ChelseaMarcos Alonso
32%
80Manchester CityOleksandr Zinchenko
32%
82ArsenalWillian
32%
80ArsenalDavid Luiz
31%
83PSGJuan Bernat
31%
82FC BarcelonaNorberto Neto
31%
80Manchester UnitedVictor Lindelof
31%
82Inter MilanIvan Perisic
30%
81Atletico MadridThomas Lemar
30%
81LiverpoolXherdan Shaqiri
30%
81Piemonte CalcioAdrien Rabiot
29%
83Olympique LyonAnthony Lopes
29%
82Olympique MarseilleDimitri Payet
29%
83NapoliKostas Manolas
29%
80ChelseaKurt Zouma
29%
80Real MadridNacho Fernandez
29%
83Roma FCPau Lopez
29%
81Leeds UnitedRaphinha
29%
81AjaxSebastien Haller
29%
80Eintracht FrankfurtLuka Jovic
28%
80Tottenham HotspurTanguy Ndombele
28%
81River PlateIgnacio Fernandez
27%
80PSGJulian Draxler
27%
83RB LeipzigMarcel Sabitzer
27%
80ArsenalHector Bellerin
26%
83AC MilanAlessio Romagnoli
25%
80FC GroningenArjen Robben
25%
82NapoliFabian Ruiz
25%
82Tottenham HotspurGiovani Lo Celso
25%
82Piemonte CalcioAaron Ramsey
23%
81NapoliArkadiusz Milik
23%
80Leicester CityCaglar Soyuncu
23%
83Al-ShababEver Banega
23%
81AS MonacoKevin Volland
23%
80Real MadridLucas Vazquez
23%
80Borussia MonchengladbachMarcus Thuram
23%
83Newcastle UnitedMartin Dubravka
23%
80Manchester UnitedNemanja Matic
23%
84AjaxNicolas Tagliafico
23%
81PSGPablo Sarabia
23%
82Tottenham HotspurSergio Reguilon
23%
81Borussia DortmundThomas Meunier
23%
82Atletico MadridYannick Carrasco
23%
80Tottenham HotspurErik Lamela
21%
83Eintracht FrankfurtFilip Kostic
21%
80Roma FCPedro
21%
82AtalantaRobin Gosens
21%
80Manchester UnitedSergio Romero
21%
80SouthamptonDanny Ings
20%
82Olympique MarseilleFlorian Thauvin
20%
82Sevilla FCLucas Ocampos
20%
81West Ham UnitedLukasz Fabianski
20%
81Dalian YifangMarek Hamsik
20%
83CagliariRadja Nainggolan
20%
82TSG HoffenheimAndrej Kramaric
19%
80RB LeipzigAngelino
19%
82AjaxDaley Blind
19%
80AjaxDavid Neres
19%
80Leicester CityJonny Evans
19%
83Eintracht FrankfurtKevin Trapp
19%
83VFL WolfsburgKoen Casteels
19%
80Tottenham HotspurSerge Aurier
19%
80WolvesWilly Boly
19%
80TorinoAndrea Belotti
18%
80Piemonte CalcioFederico Bernardeschi
18%
81FC PortoFelipe Anderson
18%
81Tottenham HotspurMatt Doherty
18%
82LOSC LilleMike Maignan
18%
80Tottenham HotspurPierre-Emile Hojbjerg
18%
82AjaxQuincy Promes
18%
83Olympique MarseilleSteve Mandanda
18%
80RB LeipzigChristopher Nkunku
17%
83LazioFrancesco Acerbi
17%
80Brighton & Hove AlbionMathew Ryan
17%
80RB LeipzigNordi Mukiele
17%
80NapoliPiotr Zielinski
17%
84SL BenficaPizzi
17%
80GalatasarayRadamel Falcao
17%
81Atletico MadridRenan Lodi
17%
81Borussia DortmundThomas Delaney
17%
81Olympique LyonHoussem Aouar
16%
82Borussia MonchengladbachMatthias Ginter
16%
83SL BenficaRafa
16%
84TorinoSalvatore Sirigu
16%
80Newcastle UnitedAllan Saint-Maximin
15%
82Guangzhou EvergrandeAnderson Talisca
15%
83Athletic BilbaoIker Muniain
15%
83Bayer LeverkusenLukas Hradecky
15%
80ArsenalDani Ceballos
14%
83Sevilla FCFernando
14%
80Villarreal CFFrancis Coquelin
14%
84FC PortoJesus Corona
14%
84LazioLucas Leiva
14%
81Bayer LeverkusenMoussa Diaby
14%
82TSG HoffenheimOliver Baumann
14%
82Villarreal CFSergio Asenjo
14%
81Tigres UANLAndre-Pierre Gignac
13%
83Sevilla FCDiego Carlos
13%
81Atletico MadridHector Herrera
13%
81Sevilla FCSuso
13%
83LAFCCarlos Vela
12%
83Borussia MonchengladbachDenis Zakaria
12%
80NapoliHirving Lozano
12%
81WolvesJonny
12%
84FiorentinaJose Callejon
12%
80Bayer LeverkusenLeon Bailey
12%
83Sevilla FCMarcos Acuna
12%
81AtalantaMarten De Roon
12%
80Inter MilanMatias Vecino
12%
82Real BetisSergio Canales
12%
81Club BruggeSimon Mignolet
12%
81Shakhtar DonetskTaison
12%
81West Ham UnitedTomas Soucek
12%
80Crystal PalaceVicente Guaita
12%
80Borussia MonchengladbachAlassane Plea
11%
81PSGAlessandro Florenzi
11%
80Roma FCHenrikh Mkhitaryan
11%
80BurnleyJames Tarkowski
11%
80Atletico MadridMario Hermoso
11%
80Athletic BilbaoUnai Simon
11%
80Stade RennesDaniele Rugani
10%
83Medipol BasaksehirEdin Visca
10%
80River PlateEnzo Perez
10%
80CSKA MoscowIgor Akinfeev
10%
82Werder BremenJiri Pavlenka
10%
83Valencia CFJose Gaya
10%
80RB LeipzigLukas Klostermann
10%
82GenoaMattia Perin
10%
81Union BerlinMax Kruse
10%
80Real SociedadMikel Merino
10%
80Real SociedadNacho Monreal
10%
80Athletic BilbaoRaul Garcia
10%
83Beijing GuoanRenato Augusto
10%
81Piemonte CalcioSami Khedira
10%
83LazioThomas Strakosha
10%
83Levante UDAitor
9%
84SL BenficaAlejandro Grimaldo
9%
81VFL WolfsburgWout Weghorst
9%
80LOSC LilleBenjamin Andre
8%
80Beijing GuoanCedric Bakambu
8%
80SassuoloDomenico Berardi
8%
82GalatasarayFernando Muslera
8%
82Villarreal CFGeronimo Rulli
8%
81Valencia CFGoncalo Guedes
8%
81Valencia CFJasper Cillessen
8%
80Sporting CPJoao Mario
8%
81Atletico MadridLucas Torreira
8%
82Shanghai SIPGMarko Arnautovic
8%
80FC PortoOtavio
8%
82Villarreal CFRaul Albiol
8%
81Saint-EtienneStephane Ruffier
8%
83Athletic BilbaoYuri Berchiche
8%
80Al-HilalBafetimbi Gomis
7%
83Bayer LeverkusenCharles Aranguiz
7%
80Bayer LeverkusenKerem Demirbay
7%
82RB LeipzigMarcel Halstenberg
7%
81NapoliMatteo Politano
7%
80Orlando CityNani
7%
81SL BenficaOdysseas Vlachodimos
7%
81FeyenoordSteven Berghuis
7%
80Real BetisWilliam Carvalho
7%
80Athletic BilbaoYeray Alvarez
7%
83Real SociedadCristian Portu
6%
82D. AlavesFernando Pacheco
6%
81Shakhtar DonetskMarlos
6%
82FC PortoAgustin Marchesin
5%
81CagliariAlessio Cragno
5%
81SassuoloAndrea Consigli
5%
82Getafe CFDakonam Djene
5%
82Getafe CFDavid Soria
5%
82Bayer LeverkusenKarim Bellarabi
5%
82RB LeipzigKonrad Laimer
5%
82Bayer LeverkusenLars Bender
5%
80Borussia MonchengladbachLars Stindl
5%
80Borussia DortmundLukasz Piszczek
5%
80Borussia DortmundNico Schulz
5%
81Villarreal CFPaco Alcacer
5%
80Atletico MadridSime Vrsaljko
5%
80AC MilanSimon Kjaer
5%
81Bayer LeverkusenSven Bender
5%
82Sevilla FCTomas Vaclik
5%
81OGC NiceWalter Benitez
5%
80Real SociedadWillian Jose
5%
80Real SociedadAlex Remiro
4%
80AS MonacoBenjamin Lecomte
4%
81SL BenficaEverton
4%
81RB LeipzigKevin Kampl
4%
81Getafe CFMarc Cucurella
4%
82Inter MilanAleksandar Kolarov
3%
81Athletic BilbaoAnder Capa
3%
80Real SociedadAsier Illarramendi
3%
80Dinamo ZagrebDominik Livakovic
3%
81PSV EindhovenEran Zahavi
3%
80SampdoriaFabio Quagliarella
3%
82Valencia CFGabriel Paulista
3%
80AS MonacoGelson Martins
3%
80UdineseGerard Deulofeu
3%
80FiorentinaGiacomo Bonaventura
3%
80Lokomotiv MoscowGrzegorz Krychowiak
3%
80Real BetisJoaquin
3%
81Beijing GuoanJonathan Viera
3%
81Real ValladolidJordi Masip
3%
80UdineseJuan Musso
3%
80FenerbahceLuiz Gustavo
3%
81LazioManuel Lazzari
3%
80Real BetisMarc Bartra
3%
81SD EibarMarko Dmitrovic
3%
80CSKA MoscowNikola Vlasic
3%
81Sporting CPSebastian Coates
3%
80Al-HilalSebastian Giovinco
3%
80Dynamo KyivViktor Tsygankov
3%
80SL BenficaAndre Almeida
2%
80River PlateFranco Armani
2%
81Shakhtar DonetskIsmaily
2%
81FC PortoIvan Marcano
2%
80VFL WolfsburgJerome Roussillon
2%
80Jiangsu SuningMiranda
2%
80Hebei China FortuneRicardo Goulart
2%
81Bayer LeverkusenSantiago Arias
2%
80Olympique MarseilleValentin Rongier
2%
80Real SociedadAdnan Januzaj
1%
80Valencia CFDaniel Wass
1%
81Boca JuniorsEduardo Salvio
1%
81Boca JuniorsEsteban Andrada
1%
80Medipol BasaksehirGiuliano
1%
80Levante UDJose Campana
1%
80Eintracht FrankfurtMartin Hinteregger
1%
80TSG HoffenheimPavel Kaderabek
1%
80Sevilla FCSergio Escudero
1%
80Borussia MonchengladbachStefan Lainer
1%
80BesiktasAdem Ljajic
0%
80Villarreal CFMario Gaspar
0%
80Getafe CFMauro Arambarri
0%
80BurnleyNicolas Nkoulou
0%
80Villarreal CFRuben Pena
0%

Score Distribution

Percentile by Number Answered

Percent of People with Each Score

Your Score History

You have not taken this quiz